Successful people in Malaysia

Bibliographic Details
Format: Book
Published: London, United Kingdom : British Publishing House Ltd 2022
Subjects:

MARC

LEADER 00000cam a2200000 7i4500
001 0000091925
005 20230713101913.0
008
020 |a 978912100231 (  |q (hardback)) 
040 |e rda 
041 |a English 
090 0 0 |a 920.1595   |b SUC 
245 1 0 |a Successful people in Malaysia 
264 1 |a London, United Kingdom :   |b British Publishing House Ltd   |c 2022 
300 |a 944 pages ;   |c 23.5 cm. 
336 |a text  |2 rdacontent 
337 |a unmediated  |2 rdamedia 
338 |a volume  |2 rdacarrier 
541 |c Donation by Britishpedia Media Group Sdn Bhd 
650 0 |a Persons   |z Malaysia   |v Biography 
650 0 |a Successfulpeople   |z Malaysia   |v Biography 
650 0 |a Success   |z Malaysia 
730 0 |a Title 
999 |a 0001728983   |b Book   |c Adult Collection   |e Perbadanan Perpustakaan Awam Johor